Child welfare ; principles and methods.

Bibliographic Details
Main Author: Zietz, Dorothy
Format: Book
Language:English
Published: New York : Wiley, [1959]
Subjects:

MARC

Tag First Indicator Second Indicator Subfields
LEADER 00000cam a2200000 4500
001 in00000069135
005 20151008051403.0
008 720315s1959 nyu b 00000 eng u
010 |a  59009361  
035 |a (OCoLC)00263850 
035 |9 AAG7564AM 
040 |c WSU  |d TXA  |d UtOrBLW 
049 |a TXAM  |c 2 [308407]  |c 3 [308408]  |c 4 [308409] 
050 0 |a HV713  |b .Z5 
092 |a 362.7  |b Z67c 
100 1 |a Zietz, Dorothy. 
245 1 0 |a Child welfare ;  |b principles and methods. 
264 1 |a New York :  |b Wiley,  |c [1959] 
300 |a 384 pages 
336 |a text  |b txt  |2 rdacontent 
337 |a unmediated  |b n  |2 rdamedia 
338 |a volume  |b nc  |2 rdacarrier 
504 |a Includes bibliography. 
650 0 |a Child welfare. 
650 0 |a Child welfare  |z United States. 
999 |a MARS 
999 f f |s bd2b8215-88b8-3f18-aea5-8bc542ca96ce  |i 854a2145-13ae-3448-93b3-0e4a700fd40f  |t 0 
952 f f |p normal  |a Texas A&M University  |b College Station  |c Sterling C. Evans Library  |d Evans: Library Stacks  |t 0  |e HV713 .Z5  |h Library of Congress classification  |i unmediated -- volume  |m A14800810915 
998 f f |a HV713 .Z5  |t 0  |l Evans: Library Stacks